Fr. Conceicao Rodrigues College of Engineering

Digital electronics and Logic design (Record no. 32315)

MARC details
000 -LEADER
fixed length control field 00309nam a2200133Ia 4500
082 ## - DEWEY DECIMAL CLASSIFICATION NUMBER
Classification number 621.395
Item number NAI
100 ## - MAIN ENTRY--PERSONAL NAME
Personal name Nair/Somanathan B
245 ## - TITLE STATEMENT
Title Digital electronics and Logic design
260 ## - PUBLICATION, DISTRIBUTION, ETC.
Name of publisher, distributor, etc. Prentice Hall
Date of publication, distribution, etc. 2002
300 ## - PHYSICAL DESCRIPTION
Extent 434
546 ## - LANGUAGE NOTE
Language note ENGLISH
654 ## - SUBJECT ADDED ENTRY--FACETED TOPICAL TERMS
Focus term Digital Electronics
942 ## - ADDED ENTRY ELEMENTS (KOHA)
Koha item type BOOK
Holdings
Withdrawn status Lost status Damaged status Not for loan Collection Home library Current library Date acquired Total Checkouts Full call number Barcode Date last seen Date last checked out Price effective from Koha item type
        CRC Fr. Agnel's C.Rodrigues College of Engineering AGNEL TECHNICAL COLLEGE LIBRARY 17/03/2023 1 621.395 NAI 13472 11/06/2024 10/05/2024 17/03/2023 BOOK